00616nam a22001937a 450000500170000001000150001702000270003203500130005903700130007208200110008510000200009624500870011625000110020326000350021427000720024930000320032150000500035370000190040320151021115048.0 aENG-114045 c1495.00a9788120351271 aEN-97577 bDBAD/PUB a621.45 aEarnest, Joshua aWind power plants and project development /cby Joshua Earnest [and] Tore Wizelius a2nd ed aNew DelhibPHI Learningc2015  aRimjhim House,111, Patparganj Industrial EstatebNew Delhie 110092 axxiv,504p.:c29cm(Hb)bill. aIncludes bibliographical references and index aWizelius, Tore